| 000 | 01049nam a22002297a 4500 | ||
|---|---|---|---|
| 005 | 20220831101156.0 | ||
| 008 | 090825t xxu||||| |||| 00| 0 eng d | ||
| 020 | _a1575479567 | ||
| 040 |
_aEG-ScBUE _cEG-ScBUE |
||
| 082 |
_a297.12203 _bم و س _222 |
||
| 100 | 1 |
_98620 _aالزحيلي، وهبة |
|
| 245 |
_aالموسوعة القرآنية الميسرة : _b1- القرآن الكريم 2- التفسير الوجيز 3- أسباب النزول 4- أحكام التجويد 5- معجم المعاني 6- معجم الكلمات 7- لمحات عن علوم القرآن / _cوهبة الزحيلي ... واخ |
||
| 250 | _a.ط2 | ||
| 260 |
_aدمشق : _bدار الفكر ، _c2002. |
||
| 300 |
_a997 ص : _c25 سم. |
||
| 500 | _aهدية دار الأوقاف والشؤون الإسلامية بدبي | ||
| 650 | 0 |
_98667 _aالقرآن ، _xتجويد _2BUEsh |
|
| 650 | 0 |
_98720 _aالقرآن - _xأسباب نزول _2BUEsh |
|
| 650 | 0 |
_98721 _aالقرآن _vمعاجم _xأسباب نزول _2BUEsh |
|
| 651 | _2BUEsh | ||
| 942 |
_2ddc _cBB |
||
| 999 |
_c12695 _d12695 |
||